ARRUPE JESUIT UNIVERSITY

CORONAVIRUS -STOP THE SPREAD - CLEAN,DISINFECT,COVER

Public religion and the politics of homosexuality in Africa / (Record no. 129123)

MARC details
000 -LEADER
fixed length control field 01530cam a2200361 i 4500
001 - CONTROL NUMBER
control field 18718212
003 - CONTROL NUMBER IDENTIFIER
control field ARRUPE
005 - DATE AND TIME OF LATEST TRANSACTION
control field 20190305111518.0
008 - FIXED-LENGTH DATA ELEMENTS--GENERAL INFORMATION
fixed length control field 150727s2016 enk b 001 0 eng
010 ## - LIBRARY OF CONGRESS CONTROL NUMBER
LC control number 2015027685
020 ## - INTERNATIONAL STANDARD BOOK NUMBER
International Standard Book Number 9781472445513 (hbk : alk. paper)
020 ## - INTERNATIONAL STANDARD BOOK NUMBER
Cancelled/invalid ISBN 9781472445520 (ebk)
020 ## - INTERNATIONAL STANDARD BOOK NUMBER
Cancelled/invalid ISBN 9781472445537 (epub)
040 ## - CATALOGING SOURCE
Original cataloging agency DLC
Language of cataloging eng
Transcribing agency DLC
Description conventions rda
Modifying agency DLC
042 ## - AUTHENTICATION CODE
Authentication code pcc
043 ## - GEOGRAPHIC AREA CODE
Geographic area code f------
050 00 - LIBRARY OF CONGRESS CALL NUMBER
Classification number BL65.H64
Item number P83 2016
082 00 - DEWEY DECIMAL CLASSIFICATION NUMBER
Classification number 201/.76349096
Edition number 23
300 ## - PHYSICAL DESCRIPTION
Dimensions 24 cm.
245 00 - TITLE STATEMENT
Title Public religion and the politics of homosexuality in Africa /
Statement of responsibility, etc edited by Adriaan van Klinken and Ezra Chitando.
260 ## - PUBLICATION, DISTRIBUTION, ETC. (IMPRINT)
Place of publication, distribution, etc London
Name of publisher, distributor, etc Routledge
Date of publication, distribution, etc 2016
300 ## - PHYSICAL DESCRIPTION
Extent xi, 277 p. ;
490 0# - SERIES STATEMENT
Series statement Religion in modern Africa
504 ## - BIBLIOGRAPHY, ETC. NOTE
Bibliography, etc Includes bibliographical references and index.
650 #0 - SUBJECT ADDED ENTRY--TOPICAL TERM
Topical term or geographic name as entry element Homosexuality
General subdivision Religious aspects.
9 (RLIN) 44973
650 #0 - SUBJECT ADDED ENTRY--TOPICAL TERM
Topical term or geographic name as entry element Homosexuality
General subdivision Political aspects.
9 (RLIN) 44974
650 #0 - SUBJECT ADDED ENTRY--TOPICAL TERM
Topical term or geographic name as entry element Homosexuality
Geographic subdivision Africa.
9 (RLIN) 44975
651 #0 - SUBJECT ADDED ENTRY--GEOGRAPHIC NAME
Geographic name Africa
General subdivision Religion.
9 (RLIN) 44976
700 1# - ADDED ENTRY--PERSONAL NAME
Personal name Van Klinken, A. S.,
Relator term editor.
9 (RLIN) 44977
906 ## - LOCAL DATA ELEMENT F, LDF (RLIN)
a 7
b cbc
c orignew
d 1
e ecip
f 20
g y-gencatlg
942 ## - ADDED ENTRY ELEMENTS (KOHA)
Source of classification or shelving scheme Library of Congress Classification
Koha item type Monograph ( Printed materials)
Holdings
Withdrawn status Lost status Source of classification or shelving scheme Damaged status Not for loan Collection code Home library Current library Shelving location Date acquired Total Checkouts Full call number Barcode Date last seen Price effective from Koha item type
    Library of Congress Classification     Main Collection ARRUPE LIBRARY ARRUPE LIBRARY Main Collection 05/03/2019   BL65.H64 P83 2016 46600004068 05/03/2019 05/03/2019 Monograph ( Printed materials)

 

Arrupe Library. PO Box MP320 Mt Pleasant, Harare, Zimbabwe
263 242 745411|librarian@aju.ac.zw